| 000 | 00669cam a22002172 4500 | ||
|---|---|---|---|
| 001 | 0000020599 | ||
| 005 | 20151217155229.0 | ||
| 008 | 110927s xx 000 0 eng d | ||
| 020 | _a0073397535 : | ||
| 040 |
_aKABU _cKABU |
||
| 245 | 1 | 0 |
_aAnnual editions Child growth and development / _cEllen N. Junn, Chris J. Boyatzis, editors. |
| 250 | _a15th ed. | ||
| 260 |
_aBoston : _bHigher education, _c2008. |
||
| 300 | _axvi, 206 p. | ||
| 650 | 0 |
_aChild rearing. _@0000152963 |
|
| 700 | 1 |
_aJunn, Ellen N. _@0000181031 |
|
| 700 | 1 |
_aBoyatzis, Chris J. _@0000181032 |
|
| 852 | 1 | _9p1200 KES | |
| 908 | _a110927 | ||
| 950 | _@1 | ||
| 999 |
_c12154 _d12154 |
||